| 000 | 00566nam a2200157 a 4500 | ||
|---|---|---|---|
| 001 | 000038307 | ||
| 005 | 20201002031223.0 | ||
| 008 | 130408s1992 dr a 000 0 spa d | ||
| 040 |
_aDO-SdBNP _bspa _cBNPHU |
||
| 100 | 1 |
_aPelaez Ruiz, Tirso Eduardo _964670 |
|
| 245 | 1 | 0 |
_aProntuario de legislación financiera de la construcción / _cTirso Eduardo Pelaez Ruiz. |
| 260 |
_aSanto Domingo : _bCenapec, _c1992. |
||
| 300 |
_a84 p. : _bils. ; _c29 cm. |
||
| 500 | _aIncluye datos biográficos del autor en la contracubierta | ||
| 500 | _aIncluye notas al pie de las páginas | ||
| 999 |
_c37797 _d37797 |
||